000
00279nam a22001337a 4500
008
171101b xxu||||| |||| 00| 0 eng d
020
_a
9780071494939
041
_a
eng
080
_a
33
100
_a
59
101
_a
BUS
245
_a
THINK BETTER
_c
HURSON.T
942
_2
udc
_c
BK
999
_c
36992
_d
36992